书目信息 |
| 书名: | Condensed matter field theory | |
| 作者: | Alexander Altland and Ben Simons : | |
| 分册号: | ||
| 分册名: | 出版地: | Beijing : |
|
| 出版社: | World Pub. Corp | |
| 出版时间: | 2008. | |
| 页数: | 624 p. : | |
| 开本: | 26 cm. | |
| 丛书名: | ||
| 中图分类号: | ||
| 科图分类号: | ||
| 其他分类号: | O649 | |
| 主题词: | ||
| 电子资源: | ||
| 000 | 00895nam 2200277 a 45 | |
| 001 | E1232912172 | |
| 005 | 20120419091015.07 | |
| 008 | 080509s2008 cc b 001 0 eng | |
| 020 | @a9787506292092 :@cCNY99.00. | |
| 040 | @aCcBjTSG | |
| 050 | 4 | @aQC173.C45@bA485 2006 |
| 082 | 04 | @a530.41@222 |
| 090 | @aO552.6@bA468 | |
| 090 | @aO649 | |
| 096 | @aO552.6 | |
| 099 | @dO649@ex33 | |
| 100 | 1 | @aAltland, Alexander. |
| 245 | 10 | @aCondensed matter field theory / @cAlexander Altland and Ben Simons : @kmonograph. |
| 246 | 14 | @a凝聚态场论 |
| 260 | @aBeijing :@bWorld Pub. Corp.,@c2008. | |
| 300 | @a624 p. :@bill. ;@c26 cm. | |
| 504 | @aIncludes bibliographical references and index. | |
| 534 | @pReprint. Originally published:@cCambridge : Cambridge Univ. Pr., 2006,@z9780521845083. | |
| 650 | 0 | @aCondensed matter. |
| 650 | 0 | @aField theory (Physics) |
| 700 | 1 | @aSimons, Ben. |
| Condensed matter field theory / / Alexander Altland and Ben Simons : .-Beijing : : World Pub. Corp., , 2008. |
| 624 p. : : ill. ; ; 26 cm. |
| Includes bibliographical references and index. |
| ISBN 9787506292092 :CNY99.00. |
| ● |
| 相关链接 |
|
|
|
|
正题名:Condensed matter field theory
索取号:O649/x33
 
预约/预借
| 序号 | 登录号 | 条形码 | 馆藏地/架位号 | 状态 | 备注 |
| 1 | 17986 | 300179866 | 第二样本阅览室/ [索取号:O649/x33] | 在馆 | |
| 2 | 17987 | 300179875 | 第四借阅区/ [索取号:O649/x33] | 在馆 | |
| 3 | 17988 | 300179884 | 第四借阅区/ [索取号:O649/x33] | 在馆 |